[Event "ESP-ch Amateurs U1700"]
[Site "Murcia"]
[Date "2022.09.01"]
[Round "5.2"]
[White "Molina Ortega, Carlos"]
[Black "Guerrero Llombart, Alberto"]
[Result "1-0"]
[WhiteElo "1634"]
[BlackElo "1602"]
[PlyCount "67"]
[EventDate "2022.08.30"]
[EventType "swiss"]
[EventRounds "9"]
[EventCountry "ESP"]
[SourceTitle "EXT 2024"]
[Source "ChessBase"]
[SourceDate "2023.10.10"]
[SourceVersion "1"]
[SourceVersionDate "2023.10.10"]
[SourceQuality "1"]

1. e4 c5 2. Nf3 d6 3. d4 cxd4 4. Nxd4 Nf6 5. Nc3 a6 6. f3 e5 7. Nb3 Be6 8. Be3 Be7 9. Qd2 0-0 10. 0-0-0 Nbd7 11. g4 b5 12. g5 b4 13. Ne2 Ne8 14. h4 a5 15. Kb1 a4 16. Nbc1 Qa5 17. f4 exf4 18. Nxf4 Nc7 19. Nxe6 Nxe6 20. Bc4 Nb6 21. Bxb6 Qxb6 22. Rhf1 g6 23. Qd5 Ra5 24. Qd2 Rc5 25. Bd5 Rc3 26. Nd3 Rfc8 27. Bxe6 fxe6 28. Qf4 Rf8 29. Qg4 d5 30. Rxf8+ Kxf8 31. bxc3 bxc3+ 32. Ka1 Ba3 33. Rb1 Qd4 34. Qf4+ 1-0

[Event "ESP-ch U14 Rapid"]
[Site "Salobrena"]
[Date "2022.07.23"]
[Round "3"]
[White "Molina Ortega, Carlos"]
[Black "Villa Tornero, Alex"]
[Result "0-1"]
[WhiteElo "1354"]
[BlackElo "1925"]
[PlyCount "86"]
[EventDate "2022.07.23"]
[EventType "swiss (rapid)"]
[EventRounds "9"]
[EventCountry "ESP"]
[SourceTitle "EXT 2023"]
[Source "ChessBase"]
[SourceDate "2022.10.05"]
[SourceVersion "1"]
[SourceVersionDate "2022.10.05"]
[SourceQuality "1"]

1. e4 c5 2. Nf3 e6 3. d4 cxd4 4. Nxd4 a6 5. Bd3 Nf6 6. Qe2 d6 7. c4 Be7 8. Nc3 Nc6 9. Nxc6 bxc6 10. 0-0 e5 11. h3 0-0 12. Be3 Rb8 13. Rab1 Be6 14. f4 exf4 15. Bxf4 Nd7 16. Kh1 Ne5 17. Rfd1 Qa5 18. Bd2 Qc7 19. Bf4 Bf6 20. Qf1 Qa5 21. Bd2 Qc7 22. Bf4 Rb4 23. b3 Rbb8 24. c5 dxc5 25. Bxa6 Qa5 26. Na4 c4 27. Bxe5 Qxe5 28. Bxc4 Qxe4 29. Re1 Qh4 30. Bxe6 fxe6 31. Rxe6 Be5 32. Qe2 Bc7 33. Rxc6 Rf7 34. Rc3 Qf4 35. g3 Qf5 36. Rbc1 Rbf8 37. Rxc7 Qxh3+ 38. Kg1 Rxc7 39. Rxc7 Qxg3+ 40. Kh1 Qxc7 41. Qe6+ Kh8 42. Qe2 Qg3 43. Nc3 Qxc3 0-1

[Event "ESP-ch U14"]
[Site "Salobrena"]
[Date "2022.07.22"]
[Round "7"]
[White "Molina Ortega, Carlos"]
[Black "Salinas Tomas, Daniel"]
[Result "0-1"]
[WhiteElo "1548"]
[BlackElo "2185"]
[PlyCount "62"]
[EventDate "2022.07.18"]
[EventType "swiss"]
[EventRounds "9"]
[EventCountry "ESP"]
[SourceTitle "EXT 2023"]
[Source "ChessBase"]
[SourceDate "2022.10.05"]
[SourceVersion "1"]
[SourceVersionDate "2022.10.05"]
[SourceQuality "1"]

1. e4 c6 2. d4 d5 3. exd5 cxd5 4. Bd3 Nc6 5. c3 Nf6 6. Bf4 g6 7. Nf3 Bg7 8. 0-0 0-0 9. h3 Bf5 10. Be2 Ne4 11. Nbd2 Qd7 12. Re1 f6 13. Nxe4 Bxe4 14. Bb5 e5 15. Bg3 Bxf3 16. Qxf3 e4 17. Qd1 f5 18. Bf4 h6 19. c4 Rad8 20. Rc1 Kh7 21. Be5 Bxe5 22. dxe5 d4 23. f4 d3 24. Qd2 Qd4+ 25. Kh1 Qb6 26. Bxc6 bxc6 27. c5 Qb5 28. Red1 Rb8 29. b3 Qb4 30. Qb2 Rfd8 31. Rc4 Qxc4 0-1

[Event "ESP-ch U14"]
[Site "Salobrena"]
[Date "2022.07.21"]
[Round "6"]
[White "Lorente Melcon, Maximo"]
[Black "Molina Ortega, Carlos"]
[Result "0-1"]
[WhiteElo "1931"]
[BlackElo "1548"]
[PlyCount "84"]
[EventDate "2022.07.18"]
[EventType "swiss"]
[EventRounds "9"]
[EventCountry "ESP"]
[SourceTitle "EXT 2023"]
[Source "ChessBase"]
[SourceDate "2022.10.05"]
[SourceVersion "1"]
[SourceVersionDate "2022.10.05"]
[SourceQuality "1"]

1. e4 d6 2. d4 Nf6 3. Nc3 g6 4. Bg5 Bg7 5. Nf3 c5 6. dxc5 Qa5 7. cxd6 Nxe4 8. dxe7 Bd7 9. Bd2 Nxc3 10. bxc3 Bxc3 11. Rb1 Bxd2+ 12. Qxd2 Qxa2 13. Rxb7 Qa1+ 14. Qd1 Qa5+ 15. Qd2 Qa1+ 16. Qd1 Qa5+ 17. Nd2 Bc6 18. Rb3 Kxe7 19. Qg4 Rd8 20. Bd3 Qe5+ 21. Be2 Qa1+ 22. Bd1 Qa5 23. Re3+ Kf8 24. c3 Qd5 25. Nb3 Qxg2 26. Qxg2 Bxg2 27. Rg1 Bd5 28. Rg5 Nc6 29. Nc5 Rab8 30. Ba4 Bc4 31. f3 Rb1+ 32. Kf2 Rd2+ 33. Kg3 Rg1+ 34. Kf4 Rxg5 35. Kxg5 Rd5+ 36. Kg4 Rxc5 37. f4 Bb5 38. Bb3 a5 39. c4 Ba6 40. h4 h5+ 41. Kg3 Nd4 42. Ba2 Nf5+ 0-1

[Event "ESP-chT Regional U14"]
[Site "Gijon"]
[Date "2021.06.19"]
[Round "5.2"]
[White "Fernandez Climent, Albert"]
[Black "Molina Ortega, Carlos"]
[Result "1-0"]
[WhiteElo "1794"]
[BlackElo "1495"]
[PlyCount "45"]
[EventDate "2021.06.17"]
[EventType "team-swiss"]
[EventRounds "6"]
[EventCountry "ESP"]
[SourceTitle "EXT 2022"]
[Source "ChessBase"]
[SourceDate "2021.10.06"]
[SourceVersion "1"]
[SourceVersionDate "2021.10.06"]
[SourceQuality "1"]
[WhiteTeam "Catalunya U14"]
[BlackTeam "Murcia U14"]
[WhiteTeamCountry "ESP"]
[BlackTeamCountry "ESP"]

1. e4 c5 2. Nf3 d6 3. d4 cxd4 4. Nxd4 Nf6 5. Nc3 g6 6. Be3 Bg7 7. f3 0-0 8. Qd2 Nc6 9. 0-0-0 d5 10. Kb1 Nxd4 11. e5 Nf5 12. exf6 exf6 13. Nxd5 Nxe3 14. Qxe3 Qa5 15. Bc4 b5 16. Bb3 Bb7 17. h4 Bxd5 18. Bxd5 Rac8 19. h5 Kh8 20. hxg6 fxg6 21. Rxh7+ Kxh7 22. Rh1+ Bh6 23. Qxh6# 1-0

[Event "ESP-ch U10"]
[Site "Salobrena Granada"]
[Date "2017.07.03"]
[Round "2"]
[White "Diaz Medina, Angelo"]
[Black "Molina Ortega, Carlos"]
[Result "1-0"]
[WhiteElo "1413"]
[BlackElo "1214"]
[PlyCount "63"]
[EventDate "2017.07.03"]
[EventType "swiss"]
[EventRounds "9"]
[EventCountry "ESP"]
[SourceTitle "EXT 2024"]
[Source "ChessBase"]
[SourceDate "2023.10.10"]
[SourceVersion "1"]
[SourceVersionDate "2023.10.10"]
[SourceQuality "1"]

1. e4 c5 2. Nf3 d6 3. d4 cxd4 4. Nxd4 Nf6 5. Nc3 g6 6. Be2 Bg7 7. Be3 0-0 8. f4 Nc6 9. 0-0 Qb6 10. Qd2 Nxe4 11. Nxe4 Bxd4 12. Bxd4 Nxd4 13. Kh1 Nxe2 14. Qxe2 Qxb2 15. Ng5 Bd7 16. Qxe7 Bf5 17. Qxd6 Qxc2 18. Rfe1 Rfd8 19. Qf6 Rf8 20. Re7 Qc6 21. Qxc6 bxc6 22. Rc7 Rac8 23. Rxa7 c5 24. Rc1 c4 25. a4 c3 26. a5 c2 27. Re7 Rcd8 28. Ree1 Rb8 29. a6 Rb1 30. g4 Rd8 31. Kg2 Bxg4 32. Rxb1 1-0